000 00298nam a22001337a 4500
008 190305b xxu||||| |||| 00| 0 eng d
020 _a2740319182056
041 _aeng
080 _a311
100 _a53
101 _aSTA
245 _aThe essentials of Statistics
_cHealey,J.F
942 _2udc
_cBK
999 _c54584
_d54584